Nueva oferta bananera de la UE no convence a latinoamericanos

Guardat en:
Dades bibliogràfiques
Format: Text
Matèries:
Etiquetes: Afegir etiqueta
Sense etiquetes, Sigues el primer a etiquetar aquest registre!

MARC

LEADER 00000 a a2200000 04500
001 46270
003
040
020 |a ISSN 1563-0013  
090 |a REV1626 10(1)2009  
245 |a Nueva oferta bananera de la UE no convence a latinoamericanos  
650 |a COMERCIO INTERNACIONAL  
650 |a BANANOS  
650 |2 LISTADO CIDCACS  
650 |a UNION EUROPEA  
650 |a LATINAOMERICA  
773 |g volumen10, número1 (marzo , 2009), páginas 15  
999 |c 35391  |d 35391